La Poésie Romantique / (رقم التسجيلة. 130559)
[ عرض عادي ]
| 000 -LEADER | |
|---|---|
| fixed length control field | 01339cam a22003371 4500 |
| 008 - FIXED-LENGTH DATA ELEMENTS--GENERAL INFORMATION | |
| fixed length control field | 131020s1992 fr 000 0 fre d |
| 020 ## - INTERNATIONAL STANDARD BOOK NUMBER | |
| International Standard Book Number | 2724261801 (v.1) |
| 020 ## - INTERNATIONAL STANDARD BOOK NUMBER | |
| International Standard Book Number | 272426181X (v.2) |
| 040 ## - CATALOGING SOURCE | |
| Original cataloging agency | EG-GiCUC |
| Language of cataloging | fre |
| Transcribing agency | EG-GiCUC |
| 092 04 - LOCALLY ASSIGNED DEWEY CALL NUMBER (OCLC) | |
| Classification number | 841.008014 |
| Item number | P8555 |
| Edition number | 21 |
| 099 ## - LOCAL FREE-TEXT CALL NUMBER (OCLC) | |
| Classification number | 04 |
| -- | 841.008014 P8555 |
| 245 03 - TITLE STATEMENT | |
| Title | La Poésie Romantique / |
| Statement of responsibility, etc. | Sous La Direction De Jean Orizet, Présenté Par Serge Baudiffier. |
| 260 ## - PUBLICATION, DISTRIBUTION, ETC. | |
| Place of publication, distribution, etc. | Paris: |
| Name of publisher, distributor, etc. | France Loisirs, |
| Date of publication, distribution, etc. | 1992. |
| 300 ## - PHYSICAL DESCRIPTION | |
| Extent | 2 v.; |
| Dimensions | 24 cm. |
| 490 1# - SERIES STATEMENT | |
| Series statement | La bibliotheq̀ue de poe{u00B4}sie France loisirs; |
| Volume/sequential designation | T 5-6 |
| 500 ## - GENERAL NOTE | |
| General note | Notice et cote du catalogue de la Bibliotheque nationale de France. |
| 505 1# - FORMATTED CONTENTS NOTE | |
| Formatted contents note | v.1 La poe{u00B4}sie romantique.; v.2 La poe{u00B4}sie romantique., Victor Hugo. |
| 600 10 - SUBJECT ADDED ENTRY--PERSONAL NAME | |
| Personal name | Hugo, Franco̧is-Victor, |
| Dates associated with a name | 1828-1873 |
| General subdivision | Criticism and interpretation. |
| 600 10 - SUBJECT ADDED ENTRY--PERSONAL NAME | |
| Personal name | Hugo, Franco̧is-Victor, |
| Dates associated with a name | 1828-1873 |
| General subdivision | Romanticism. |
| 650 #0 - SUBJECT ADDED ENTRY--TOPICAL TERM | |
| Topical term or geographic name entry element | French poetry |
| General subdivision | Antology. |
| 650 #0 - SUBJECT ADDED ENTRY--TOPICAL TERM | |
| Topical term or geographic name entry element | French poetry |
| Chronological subdivision | 19th century |
| General subdivision | History and criticism. |
| 650 #0 - SUBJECT ADDED ENTRY--TOPICAL TERM | |
| Topical term or geographic name entry element | Romanticism |
| Geographic subdivision | France |
| Form subdivision | Poetry |
| General subdivision | Antology. |
| 700 1# - ADDED ENTRY--PERSONAL NAME | |
| Personal name | Baudiffier, Serge. |
| 700 1# - ADDED ENTRY--PERSONAL NAME | |
| Personal name | Orizet, Jean. |
| 830 #3 - SERIES ADDED ENTRY--UNIFORM TITLE | |
| Uniform title | La bibliotheq̀ue de poe{u00B4}sie France loisirs; |
| Volume/sequential designation | T5-6 |
| 902 ## - LOCAL DATA ELEMENT B, LDB (RLIN) | |
| No. of Items | 1 |
| 905 ## - LOCAL DATA ELEMENT E, LDE (RLIN) | |
| Cataloger | Eman |
| Reviser | Rev. |
| 905 ## - LOCAL DATA ELEMENT E, LDE (RLIN) | |
| Cataloger | Jamal |
| Reviser | Cat. |
| 942 ## - ADDED ENTRY ELEMENTS (KOHA) | |
| Source of classification or shelving scheme | Dewey Decimal Classification |
| Koha item type | Books |
| Source of classification or shelving scheme | Not for loan | Home library | Current library | Date acquired | Full call number | Barcode | Date last seen | Copy number | Koha item type |
|---|---|---|---|---|---|---|---|---|---|
| Dewey Decimal Classification | المكتبة المركزبة الجديدة - جامعة القاهرة | قاعة الثقاقات الاجنبية - الدور الثالث | 11.02.2024 | 841.008014 P8555 v.1 Fre. | 01000110197258001 | 05.07.2024 | C.1 | Books | |
| Dewey Decimal Classification | المكتبة المركزبة الجديدة - جامعة القاهرة | قاعة الثقاقات الاجنبية - الدور الثالث | 11.02.2024 | 841.008014 P8555 v.2 Fre. | 01000110197258002 | 05.07.2024 | C.1 | Books |